Ciudades más pobladas del Oeste/Este de México - Estadísticas

Estadísticas generales
  • Esta prueba ha sido intentada 58 veces
    54 desde el último reinicio
  • La puntuación promedio es 14 de 24
Estadísticas de respuestas
Región Estado Ciudad % Correcto
Oeste Jalisco Guadalajara
100%
Oeste Jalisco Zapopan
100%
Oeste Colima Manzanillo
89%
Oeste Michoacán Morelia
89%
Oeste Nayarit Tepic
89%
Oeste Colima Colima
78%
Este Veracruz Veracruz
78%
Este Veracruz Xalapa
78%
Este Veracruz Coatzacoalcos
67%
Este Hidalgo Pachuca
67%
Este Puebla Puebla
67%
Oeste Jalisco Tlaquepaque
67%
Oeste Michoacán Uruapan
67%
Este Puebla Tehuacán
56%
Oeste Michoacán Zamora
56%
Este Hidalgo Tulancingo
44%
Oeste Colima Villa de Álvarez
44%
Este Tlaxcala Huamantla
33%
Oeste Nayarit Xalisco
33%
Este Puebla Cholula
22%
Este Tlaxcala San Pablo del Monte
22%
Este Hidalgo Tizayuca
11%
Este Tlaxcala Chiautempan
0%
Oeste Nayarit San Vicente
0%
No se encontraron pruebas coincidentes
Distribución de puntuación
Porcentaje de gente con cada puntuación
Porcentaje por número respondido
Historial de tus puntuaciones
No has intentado esta prueba desde el último reinicio